LEADER 02810nam2 22004213i 450 001 BVEE058069 005 20170908093230.0 012 $at.it s.aq e-e- timo (3) 1556 (R)$2fei$9Paginazione continua del v. 2 100 $a20120128d1556 ||||0itac50 ba 101 | $alat 102 $ait 181 1$6z01$ai $bxxxe 182 1$6z01$an 200 1 $a˜1: œTomus primus continens secundum scriptum Angelici doctoris D. Thomae de Aquino ordinis praedicatorum. Super pri. & sec. Sententiarum ad reuerendiss. dominum D.F. Hannibaldum Hannibaldensem Romanum eiusdem ordinis ... 210 $aRomae$d1556 215 $a[34], 194 c 300 $aFront. con emblemi di papa Paolo IV 300 $aSegn.: π² A⁴ πa-g⁴ a-z⁸ &¹⁰ 300 $aC. a1 e b4 segnate A e B4. 316 $av.1. - Sul front. timbro del Convento di San Domenico Maggiore di Napoli.$5IT-NA0070, Z.B. 0436 316 $av. 1.$5IT-NA0075, A 25 0241 316 $av. 1$5IT-NA0075, A 25 0241 461 1$1001CNCE001946$12001 $aTomus primus °- secundus! continens secundum scriptum Angelici Doctoris d. Thomae de Aquino super pri. & sec. °- tertio & quarto! Sententiarum ad Hannibaldum Hannibaldensem ... nuper reuisum, emendatum atque impressum$v1 620 $aIT$dRoma$3LO1L002924 700 0$aTommaso : d'Aquino$c $3CFIV008124$4070$0290144 790 0$aTommaso d'Aquino$c $3CFIV009247$zTommaso : d'Aquino 790 0$aTommaso$c $3CFIV167024$zTommaso : d'Aquino 790 0$aTomasz z Akwinu$3IEIV108913$zTommaso : d'Aquino 790 0$aThomas : de Aquino$c $3MILV209402$zTommaso : d'Aquino 790 0$aThomas : Aquinas$c $3PUVV203880$zTommaso : d'Aquino 801 3$aIT$bIT-NA0079$c20120128 850 $aIT-NA0070$aIT-NA0075 912 $aBVEE058069 950 2$aBiblioteca Universitaria$cv. 1-2$d BUZ.B. 0436$e BUSI 0000238675 B 0001 v.1. - Sul front. timbro del Convento di San Domenico Maggiore di Napoli.$fZ $h20120612$i20120612$lSul front. timbro del Convento di San Domenico Maggiore. di Napoli.$mTimbri conventuali e di ordini religiosi 950 2$aBiblioteca statale oratoriana dei Girolamini$c2 v.$d GEA 25 0241$e GE 0000005485 B 2 v. 1.$fN $h20120128$i20120128$c1 v.$d GEA 4 0148$e GE 0000018225 B v. 1$fN $h20120309$i20120309 977 $a BU$a GE 996 $aTomus primus continens secundum scriptum Angelici doctoris D. Thomae de Aquino ordinis praedicatorum. Super pri. & sec. Sententiarum ad reuerendiss. dominum D.F. Hannibaldum Hannibaldensem Romanum eiusdem ordinis ..$91482257 997 $aUNISANNIO